Statistiques concernant Pays champions du monde en sports collectifs

Cliquez ici pour prendre le quiz!

Statistiques générales

  • Ce quiz a été pris 1 453 fois
  • Le résultat moyen est 80 sur 88

Statistiques - réponses

SportAnnéePays champion% Correct
Handball2017France
100%
Handball2015France
100%
Handball1995France
100%
Football1998France
100%
Handball2011France
100%
Handball2001France
100%
Handball2009France
100%
Volley-ball2006Brésil
99%
Football1994Brésil
99%
Football1970Brésil
99%
Football2002Brésil
99%
Volley-ball2002Brésil
99%
Basket-ball1963Brésil
99%
Football1962Brésil
99%
Basket-ball1959Brésil
99%
Football1958Brésil
99%
Volley-ball2010Brésil
99%
Handball2007Allemagne
98%
Handball1938Allemagne
98%
Football2014Allemagne
98%
Volley-ball1970Allemagne de l'Est
98%
Handball1978Allemagne de l'Ouest
98%
Football1974Allemagne de l'Ouest
98%
Football1954Allemagne de l'Ouest
98%
Football1990Allemagne de l'Ouest
98%
Rugby2003Angleterre
98%
Football1966Angleterre
98%
Handball2013Espagne
98%
Handball2005Espagne
98%
Football2010Espagne
98%
Basket-ball2006Espagne
98%
Basket-ball2010Etats-Unis
98%
Basket-ball2014Etats-Unis
98%
Basket-ball1994Etats-Unis
98%
Basket-ball1986Etats-Unis
98%
Volley-ball1986Etats-Unis
98%
Basket-ball1954Etats-Unis
98%
Volley-ball1994Italie
98%
Volley-ball1998Italie
98%
Football1982Italie
98%
Football1934Italie
98%
Football1938Italie
98%
Volley-ball1990Italie
98%
Football2006Italie
98%
Football1986Argentine
97%
Football1978Argentine
97%
Basket-ball1950Argentine
97%
Rugby2015Nouvelle-Zélande
96%
Rugby2011Nouvelle-Zélande
96%
Rugby1987Nouvelle-Zélande
96%
Rugby1999Australie
93%
Rugby1991Australie
93%
Handball1993Russie
93%
Handball1997Russie
93%
Basket-ball1974Union soviétique
93%
Volley-ball1949Union soviétique
93%
Volley-ball1978Union soviétique
93%
Volley-ball1952Union soviétique
93%
Volley-ball1982Union soviétique
93%
Basket-ball1982Union soviétique
93%
Volley-ball1960Union soviétique
93%
Handball1982Union soviétique
93%
Volley-ball1962Union soviétique
93%
Basket-ball1967Union soviétique
93%
Football1950Uruguay
93%
Football1930Uruguay
93%
Rugby2007Afrique du Sud
91%
Rugby1995Afrique du Sud
91%
Handball1954Suède
86%
Handball1990Suède
86%
Handball1999Suède
86%
Handball1958Suède
86%
Basket-ball1978Yougoslavie
79%
Handball1986Yougoslavie
79%
Basket-ball1990Yougoslavie
79%
Basket-ball1970Yougoslavie
79%
Basket-ball1998Yougoslavie
79%
Basket-ball2002Yougoslavie
79%
Volley-ball1974Pologne
71%
Volley-ball2014Pologne
71%
Handball2003Croatie
63%
Volley-ball1956Tchécoslovaquie
52%
Volley-ball1966Tchécoslovaquie
52%
Handball1967Tchécoslovaquie
52%
Handball1961Roumanie
47%
Handball1970Roumanie
47%
Handball1974Roumanie
47%
Handball1964Roumanie
47%

Distribution des résultats

Percentile par nombre de réponses

% des personnes avec chaque résultat

Votre développement - résultats

Vous n’avez pas pris ce quiz